Statistics for Edmonton Oilers Roster

Click here to take the quiz!

General Stats

  • This quiz has been taken 137 times
    (55 since last reset)
  • The average score is 12 of 23

Answer Stats

Hint Answer % Correct
97McDavid
98%
93Nugent Hopkins
91%
33Talbot
84%
25Nurse
82%
29Draisaitl
78%
77Klefbom
73%
27Lucic
73%
44Kassian
71%
6Larsson
69%
2Sekera
56%
4Russell
56%
98Puljujarvi
53%
83Benning
51%
91Caggiula
47%
16Khaira
38%
18Strome
38%
35Montoya
33%
8Rattie
31%
81Auvitu
27%
13Cammalleri
24%
58Slepyshev
22%
26Pakarinen
20%
46Aberg
20%

Score Distribution

Percentile by Number Answered

Percent of People with Each Score

Your Score History

You have not taken this quiz since the last reset